LEADER 02707nam0 22004813i 450 001 DDS2071290 005 20231121125500.0 010 $a9788871253008 100 $a20220805d2022 ||||0itac50 ba 101 | $aita$cita 102 $ait 181 1$6z01$ai $bxxxe 182 1$6z01$an 200 1 $aStorie di epidemie tra terra e mare nelle carte d'archivio 210 $a[Roma]$cMinistero della cultura, Direzione generale Archivi$dstampa 2022 215 $a202 p.$cill.$d27 cm 225 | $aPubblicazioni degli archivi di Stato 300 $aComplemento di titolo nell'occhietto: Catalogo della mostra documentaria, Procida, Nave Palinuro, 11-19 giugno 2022 300 $aCura redazionale Giulia Cirenei ... [et al.] ; copia vedi digitale MiBACT | http://2.42.228.123/dgagaeta/dga/uploads/documents/FuoriCollana/62e391f28bacb.pdf 410 0$1001CFI0023698$12001 $aPubblicazioni degli archivi di Stato 500 11$aStorie di epidemie tra terra e mare nelle carte d'archivio$3DDS2071291$92916242 606 $aEpidemie$xItalia$xStoria$xFonti archivistiche$xCataloghi di esposizioni$2FIR$3RMLC474866$9E 676 $a614.4945$9Storia delle epidemie. Italia$v22 702 1$aCirenei$b, Giulia$3DDSV402540$4340 801 3$aIT$bIT-01$c20220805 850 $aIT-RM028 $aIT-RM0289 $aIT-RM0263 $aIT-RM0290 $aIT-RM0313 $aIT-RM0281 $aIT-RM0459 $aIT-RM0830 $aIT-RM0251 $aIT-FR0084 $aIT-RM0460 $aIT-FR0017 899 $aBiblioteca Universitaria Alessandrina$bRM028 899 $aBiblioteca Statale A. Baldini$bRM0289 $eN 899 $aBIBLIOTECA MEDICA STATALE$bRM0263 899 $aBIBLIOTECA ANGELICA$bRM0290 899 $aBIBLIOTECA CASANATENSE$bRM0313 899 $aBIBLIOTECA VALLICELLIANA$bRM0281 899 $aARCHIVIO DI STATO DI ROMA$bRM0459 899 $aBiblioteca della Direzione Generale Archivi$bRM0830 899 $aBiblioteca Della Soprintendenza Archivistica Per Il Lazio$bRM0251 899 $aBiblioteca Del Monumento Nazionale Di Montecassino$bFR0084 899 $aBiblioteca Dell' Archivio Centrale Dello Stato$bRM0460 899 $aBiblioteca umanistica Giorgio Aprea$bFR0017 $eN 912 $aDDS2071290 950 0$aBiblioteca umanistica Giorgio Aprea$d 52MAG 4/829$e 52SBA0000292495 VMN RS $fA $h20230220$i20230220 977 $a 01$a 04$a 05$a 06$a 07$a 08$a 12$a 20$a 24$a 25$a 27$a 52 996 $aStorie di epidemie tra terra e mare nelle carte d'archivio$92916242 997 $aUNICAS LEADER 01928nam0 2200445 i 450 001 RML0052437 005 20251003044340.0 010 $a8823001811 020 $aIT$b96-10882 100 $a19951227d1995 ||||0itac50 ba 101 | $aita$cita 102 $ait 181 1$6z01$ai $bxxxe 182 1$6z01$an 183 1$6z01$anc$2RDAcarrier 200 1 $aCostituzione$eperché difenderla, come riformarla$fValerio Onida$gcon Giancarlo Bosetti 210 $aRoma$cEdiesse$d\1995! 215 $a92 p.$d21 cm. 500 10$aˆLa ‰Costituzione$3TSA1747723$9CFIV032146$967710 606 $aItalia$xCostituzioni politiche$x1948$xRiforma$2FIR$3CFIC004399$9I 676 $a342$9DIRITTO COSTITUZIONALE E AMMINISTRATIVO$v12 676 $a342.4502$9STRUMENTI FONDAMENTALI DELLO STATO. ITALIA$v20 676 $a342.45023$9COSTITUZIONE E ALTRI STRUMENTI FONDAMENTALI DI GOVERNO. TESTI DI COSTITUZIONI$v19 676 $a342.4503$9STRUMENTI FONDAMENTALI DELLO STATO. REVISIONE ED EMENDAMENTO. Italia$v20 676 $a342.4503$9STRUMENTI FONDAMENTALI DELLO STATO. REVISIONE ED EMENDAMENTO. ITALIA$v22 686 $aIT/5420.0$cPOLITICA E CULTURA ITALIA 1989-2001$2R 686 $aIT/5421.0$cASSETTO ISTITUZIONALE ITALIA 1989-2001$2R 686 $aIT/5421.2$cCOSTITUZIONE QUESTIONI ISTITUZIONALI ITALIA 1989-2001$2R 696 $aRiforma protestante 699 $aRiforma$yRiforma protestante 700 1$aOnida$b, Valerio$3CFIV032146$4070$0110462 702 1$aBosetti$b, Giancarlo$3CFIV070884 801 3$aIT$bIT-000000$c19951227 850 $aIT-BN0095 $aIT-CE0060 901 $bNAP 01$cD $n$ 912 $aRML0052437 950 0$aBiblioteca Centralizzata di Ateneo$d 01D (AR) 19 474$e 01AR 0700194745 VMA A4 1 v.$fY $h19961008$i20181016 977 $a 01$a AS 996 $aCostituzione$967710 997 $aUNISANNIO